000
00341 a2200169 4500
001
188388
020
_a
978-85-08-11894-6
040
_c
Magnum
100
_a
Jaf, Ivan
240
1
0
_a
A moreninha 2
_l
por
245
1
0
_a
A moreninha 2
300
_a
87
362
0
_a
2008
440
1
_a
Ática
697
_a
LITERATURA JUVENIL
942
_c
BK
999
_c
188388
_d
188388